Court ocf Appeal Civil Appeal No.45 of 2005 Uganda Brewerie Ltd vs Gilbert Afayo (Record no. 3452)
[ view plain ]
| 000 -LEADER | |
|---|---|
| fixed length control field | 00523nam a22001097a 4500 |
| 008 - FIXED-LENGTH DATA ELEMENTS--GENERAL INFORMATION | |
| fixed length control field | 110621t xxu||||| |||| 00| 0 eng d |
| 010 ## - LIBRARY OF CONGRESS CONTROL NUMBER | |
| LC control number | CACAF65 |
| 245 ## - TITLE STATEMENT | |
| Title | Court ocf Appeal Civil Appeal No.45 of 2005 Uganda Brewerie Ltd vs Gilbert Afayo |
| 260 ## - PUBLICATION, DISTRIBUTION, ETC. (IMPRINT) | |
| Date of publication, distribution, etc | 2005 |
| 500 ## - GENERAL NOTE | |
| General note | An Appeal from the decision of the High Court of Uganda sitting atKampala Okumu- wengi J dated 1 march,2005 in high Court Civil Suit No. 580/02 |
| Withdrawn status | Lost status | Source of classification or shelving scheme | Damaged status | Koha normalized classification for sorting | Not for loan | Location (home branch) | Sublocation or collection (holding branch) | Shelving location | Date acquired | Koha issues (times borrowed) | Koha full call number | Piece designation (barcode) | Koha date last seen | Price effective from | Koha item type |
|---|---|---|---|---|---|---|---|---|---|---|---|---|---|---|---|
| Dewey Decimal Classification | 452005 | Law Development Centre Main Library | Law Development Centre Main Library | Law Reports | 06/21/2011 | 45/2005 | 45/2005/1 | 06/21/2011 | 06/21/2011 | Seminar Papers and Reports |
